|
|
|
|
| LEADER |
00000nab a2200000 a 4500 |
| 001 |
vtls000620865 |
| 003 |
SK-MaSNL |
| 005 |
20260305025538.0 |
| 008 |
250425c1997 xo 0 slo |
| 015 |
|
|
|a SNBRB19rr/mm-uuuuu
|
| 035 |
|
|
|a CL0621004
|
| 035 |
|
|
|a urn:nbn:sk:snk-abf2yr
|
| 035 |
|
|
|a (urnnbn)urn:nbn:sk:snk:ar-007h5a
|
| 035 |
|
|
|a (uuid)c09b5f17-3111-44eb-a63f-67fa9742b6ef
|
| 040 |
|
|
|a SNKBUCL
|b slo
|c SNKBUCL
|e AACR2
|
| 041 |
0 |
|
|a slo
|
| 044 |
|
|
|a xo
|c SK
|
| 080 |
|
|
|a 658.56:658.114.012.43:69:061.5
|2 1981
|
| 080 |
|
|
|a 658.114.012.43
|2 1981
|
| 080 |
|
|
|a 69:061.5
|2 1981
|
| 100 |
1 |
|
|a Gašparík, Jozef,
|d 1957-
|4 aut
|
| 245 |
1 |
0 |
|a Manažment kvality v stavebných firmách
|c Jozef Gašparík
|
| 300 |
|
|
|b Sch. 1, lit. 2 zázn. v slov.
|
| 650 |
0 |
7 |
|a stavebníctvo
|2 snkbucl
|9 726
|
| 650 |
0 |
7 |
|a kvalita
|2 snkbucl
|9 1150
|
| 650 |
0 |
7 |
|a manažment kvality
|2 snkbucl
|9 932
|
| 655 |
|
7 |
|a články z novín a časopisov
|2 snkbucl
|9 267496
|
| 773 |
0 |
|
|t Inžinierske stavby
|g Roč. 45, č. 1 (1997), s. 28-29
|x 1335-0846
|
| 850 |
|
|
|a Slovenská národná knižnica
|
| 852 |
|
|
|a Slovenská národná knižnica
|
| 954 |
|
|
|a odborná, vedecká literatúra pôvodná (slovenská)
|2 lita
|
| 958 |
|
|
|a article2022
|
| 958 |
|
|
|a RK
|
| 958 |
|
|
|a OND
|
| 958 |
|
|
|a EUIPO
|
| 992 |
|
|
|a RBX
|
| 999 |
|
|
|c 3306213
|d 3308143
|